Fourier Series and Boundary Value Problems /

Wedi'i Gadw mewn:
Manylion Llyfryddiaeth
Prif Awdur: Brown, James Ward
Awduron Eraill: Churchill, Ruel V.
Fformat: Sách giấy
Iaith:English
Cyhoeddwyd: New York : McGraw-Hill, 1993
Tagiau: Ychwanegu Tag
Dim Tagiau, Byddwch y cyntaf i dagio'r cofnod hwn!
Thư viện lưu trữ: Thư viện Trường Đại học Đà Lạt
LEADER 00633nam a2200253 4500
001 DLU020000446
005 ##12/18/1998
020 # # |a 0-07-112970-7 
041 # # |a eng 
082 # # |a 515.243  |b BR-J 
100 # # |a Brown, James Ward 
245 # # |a Fourier Series and Boundary Value Problems /  |c James Ward Brown, Ruel V. Churchill 
260 # # |a New York :  |b McGraw-Hill,  |c 1993 
300 # # |a X, 348 tr.;  |c 22 cm. 
700 # # |a Churchill, Ruel V. 
992 # # |a 160000 
994 # # |a DLU 
900 # # |a False 
911 # # |a Administrator 
925 # # |a G 
926 # # |a A 
927 # # |a SH 
980 # # |a Thư viện Trường Đại học Đà Lạt